Zamestnávateľ a jeho povinnosti na účely platenia poistného na sociálne poistenie
Určenie fyzických a právnických osôb, ktoré majú postavenie zamestnávateľa. Povinnosť zamestnávateľov viesť evidenciu zamestnancov na účely sociálneho poistenia a starobného dôchodkového sporenia.
Salvato in:
| Autore principale: | |
|---|---|
| Natura: | Capitolo di libro |
| Lingua: | slovacco |
| Soggetti: | |
| Tags: |
Nessun Tag, puoi essere il primo ad aggiungerne!!
|
MARC
| LEADER | 00000naa a2200000 4500 | ||
|---|---|---|---|
| 001 | 0136913 | ||
| 005 | 20220729111807.5 | ||
| 041 | 0 | |a slo | |
| 044 | |a SK | ||
| 245 | 1 | 0 | |a Zamestnávateľ a jeho povinnosti na účely platenia poistného na sociálne poistenie |c Andrea Zahoranová |
| 520 | |a Určenie fyzických a právnických osôb, ktoré majú postavenie zamestnávateľa. Povinnosť zamestnávateľov viesť evidenciu zamestnancov na účely sociálneho poistenia a starobného dôchodkového sporenia. | ||
| 610 | 2 | 0 | |a zamestnávatelia |
| 610 | 2 | 0 | |a povinnosť oznamovacia |
| 610 | 2 | 0 | |a poisťovne sociálne |
| 610 | 2 | 0 | |a poistenie sociálne |
| 610 | 2 | 0 | |a poistenie dôchodkové |
| 610 | 2 | 0 | |a odvody |
| 610 | 2 | 0 | |a zamestnanci |
| 610 | 2 | 0 | |a evidencia |
| 610 | 2 | 0 | |a zákony |
| 100 | 1 | |a Zahoranová, Andrea | |